000 00265nam a2200097Ia 4500
005 20251222114342.0
008 251222s1900||||xx |||||||||||||| ||spa||
082 _aDVD193.1/U61/2001
245 0 _aCharla: calidad de vida de la mujer y perspectiva de género:
942 _cDVD
999 _c914
_d914